Tensiones educativas en américa latina /

Guardado en:
Autor Principal: Congreso Internacional Educación Lenguaje Y Sociedad 1 La Pampa 1 Al 3 De Oct De 1995
Formato: Libro
Publicado: Santa Rosa : Universidad Nacional de La Pampa, 2004
Materias:
Etiquetas: Agregar Etiqueta
Sin Etiquetas, Sea el primero en etiquetar este registro!
LEADER 00604nam a22001815a 4500
001 CEM.cems011576
005 20060214000000.0
008 130507s2004##################000#0#####d
003 CEMS
082 0 4 |a CD370 
100 1 |a Congreso Internacional Educación Lenguaje Y Sociedad 1 La Pampa 1 Al 3 De Oct De 1995 
245 1 0 |a Tensiones educativas en américa latina / 
260 |a Santa Rosa :  |b Universidad Nacional de La Pampa,  |c 2004 
653 |a Educacion 
653 |a Cd-roms-software 
653 |a Congresos 
653 |a America latina-educacion 
859 |a CEMS  |b BIB. CEMS - 11 de abril  |h CD370  |i 102  |p 2025.44  |t Ej.1